The buried bones mystery / (Record no. 142)

MARC details
000 -LEADER
fixed length control field 01180nam a22003257a 4500
001 - CONTROL NUMBER
control field 142
003 - CONTROL NUMBER IDENTIFIER
control field FISKH
005 - DATE AND TIME OF LATEST TRANSACTION
control field 20230301091418.0
008 - FIXED-LENGTH DATA ELEMENTS--GENERAL INFORMATION
fixed length control field 230301b cb ||||| |||| 00| 0 eng d
040 ## - CATALOGING SOURCE
Original cataloging agency DLC
Transcribing agency DLC
Language of cataloging eng
Modifying agency FISKH
042 ## - AUTHENTICATION CODE
Authentication code pcc
-- lcac
050 00 - LIBRARY OF CONGRESS CALL NUMBER
Classification number PZ7.D78325
Item number Bur 2011
082 00 - DEWEY DECIMAL CLASSIFICATION NUMBER
Classification number 259
Edition number 23
100 1# - MAIN ENTRY--PERSONAL NAME
Personal name Draper, Sharon M.
Fuller form of name (Sharon Mills)
245 14 - TITLE STATEMENT
Title The buried bones mystery /
Statement of responsibility, etc. Sharon M. Draper ; illustrated by Jesse Joshua Watson.
260 ## - PUBLICATION, DISTRIBUTION, ETC.
Place of publication, distribution, etc. New York
Name of publisher, distributor, etc. Aladdin
Date of publication, distribution, etc. 2011.
300 ## - PHYSICAL DESCRIPTION
Extent 94 p.
Other physical details ill. ;
Dimensions 20 cm.
490 0# - SERIES STATEMENT
Series statement Clubhouse mysteries ;
Volume/sequential designation #1
500 ## - GENERAL NOTE
General note "Originally published as the series title 'Ziggy and the Black Dinosaurs"'--T.p. verso.
505 ## - FORMATTED CONTENTS NOTE
Formatted contents note M
520 ## - SUMMARY, ETC.
Summary, etc. After the neighborhood basketball court is vandalized, Ziggy and his friends decide to form a club called the Black Dinosaurs and build their clubhouse in Ziggy's backyard.
521 1# - TARGET AUDIENCE NOTE
Target audience note 700
Source Lexile
521 1# - TARGET AUDIENCE NOTE
Target audience note M
Source Raz-Plus
650 #1 - SUBJECT ADDED ENTRY--TOPICAL TERM
Topical term or geographic name entry element Clubs
Form subdivision Fiction.
650 #1 - SUBJECT ADDED ENTRY--TOPICAL TERM
Topical term or geographic name entry element African Americans
Form subdivision Fiction.
650 #1 - SUBJECT ADDED ENTRY--TOPICAL TERM
Topical term or geographic name entry element Mystery and detective stories.
700 1# - ADDED ENTRY--PERSONAL NAME
Personal name Watson, Jesse Joshua,
Relator term ill.
906 ## - LOCAL DATA ELEMENT F, LDF (RLIN)
a 7
b cbc
c orignew
d 2
e ncip
f 20
g y-gencatlg
942 ## - ADDED ENTRY ELEMENTS (KOHA)
Source of classification or shelving scheme Dewey Decimal Classification
Koha item type Books
Suppress in OPAC No
Holdings
Withdrawn status Lost status Source of classification or shelving scheme Damaged status Not for loan Collection Home library Current library Shelving location Date acquired Total Checkouts Full call number Barcode Date last seen Price effective from Koha item type
    Dewey Decimal Classification     Juvenile Fiction Footprints International School Library Network Toul Kork Campus Footprints International School Library Network Toul Kork Campus TK Primary Library Room(4th Floor), Bookcase 5&6, Shelves 33-56, Orange Books 03/01/2023   DRA 259 PZ7.D78325 FISTK00658 03/01/2023 03/01/2023 Books